Southville International School and Colleges
Your cart is empty.
  • Cart
  • Lists
    Public lists Eva Luna New books Lux_list list_1
    Your lists Log in to create your own lists
  • Log in to your account
  • Your cookies
  • Search history
Southville International School and Colleges
  • Advanced search
  • Recent comments
  • Most popular
  • Libraries

Log in to your account

Log in with GOOGLE


If you do not have an external account, but do have a local account, you can still log in:

  1. Home
  2. MARC view: Fundamentals of nursing /
Normal view MARC view ISBD view

Fundamentals of nursing / (Record no. 15934)

[ view plain ]
MARC details
000 -LEADER
fixed length control field 01219cam a22003734a 4500
001 - CONTROL NUMBER
control field 11956015
003 - CONTROL NUMBER IDENTIFIER
control field OSt
005 - DATE AND TIME OF LATEST TRANSACTION
control field 20140310182759.0
008 - FIXED-LENGTH DATA ELEMENTS--GENERAL INFORMATION
fixed length control field 000331s2001 moua b 001 0 eng c
010 ## - LIBRARY OF CONGRESS CONTROL NUMBER
LC control number 00037973
020 ## - INTERNATIONAL STANDARD BOOK NUMBER
International Standard Book Number 9789812724908
020 ## - INTERNATIONAL STANDARD BOOK NUMBER
International Standard Book Number 9812724907
020 ## - INTERNATIONAL STANDARD BOOK NUMBER
International Standard Book Number 9780323067843
035 ## - SYSTEM CONTROL NUMBER
System control number (DNLM)100940835
040 ## - CATALOGING SOURCE
Original cataloging agency DNLM/DLC
Transcribing agency DLC
Modifying agency DLC
042 ## - AUTHENTICATION CODE
Authentication code pcc
050 00 - LIBRARY OF CONGRESS CALL NUMBER
Classification number RT 41
Item number .P844 2009
100 1# - MAIN ENTRY--PERSONAL NAME
Personal name Potter, Patricia Ann.
245 10 - TITLE STATEMENT
Title Fundamentals of nursing /
Statement of responsibility, etc Patricia A. Potter, Anne Griffin Perry.
250 ## - EDITION STATEMENT
Edition statement 5th ed.
260 ## - PUBLICATION, DISTRIBUTION, ETC. (IMPRINT)
Place of publication, distribution, etc St. Louis :
Name of publisher, distributor, etc Mosby,
Date of publication, distribution, etc 2009.
300 ## - PHYSICAL DESCRIPTION
Extent xxxvii, 1785 p. :
Other physical details col. ill. ;
Dimensions 29 cm.
Accompanying material 1 computer disc (4 3/4 in.)
504 ## - BIBLIOGRAPHY, ETC. NOTE
Bibliography, etc Includes bibliographical references and index.
521 ## - TARGET AUDIENCE NOTE
Target audience note
650 #0 - SUBJECT ADDED ENTRY--TOPICAL TERM
Topical term or geographic name as entry element Nursing.
650 12 - SUBJECT ADDED ENTRY--TOPICAL TERM
Topical term or geographic name as entry element Nursing Care.
650 22 - SUBJECT ADDED ENTRY--TOPICAL TERM
Topical term or geographic name as entry element Nurse-Patient Relations.
650 22 - SUBJECT ADDED ENTRY--TOPICAL TERM
Topical term or geographic name as entry element Nursing Process.
700 1# - ADDED ENTRY--PERSONAL NAME
Personal name Perry, Anne Griffin.
906 ## - LOCAL DATA ELEMENT F, LDF (RLIN)
a 0
b vip
c orignew
d 1
e ocip
f 20
g y-gencatlg
942 ## - ADDED ENTRY ELEMENTS (KOHA)
Source of classification or shelving scheme Library of Congress Classification
Koha item type Books
Call number prefix Foreign
Holdings
Withdrawn status Lost status Source of classification or shelving scheme Damaged status Home library Current library Shelving location Date acquired Total Checkouts Full call number Barcode Date last seen Copy number Price effective from Koha item type
    Library of Congress Classification   College Library College Library General Circulation Section 02/13/2013   RT 41 .P844 2009 C14581 05/15/2018 1 02/13/2013 Books

Fundamentals of nursing /

APA

Potter P. A., Perry A. G., . (2009). Fundamentals of nursing. St. Louis: Mosby.

Chicago

Potter Patricia Ann, Perry Anne Griffin, . 2009. Fundamentals of nursing. St. Louis: Mosby.

Harvard

Potter P. A., Perry A. G., . (2009). Fundamentals of nursing. St. Louis: Mosby.

MLA

Potter Patricia Ann, Perry Anne Griffin, . Fundamentals of nursing. St. Louis: Mosby. 2009.

  • Place hold
  • Print
  • Cite
  • Add to your cart (remove)
  • Save record
    BIBTEX Dublin Core MARCXML MARC (non-Unicode/MARC-8) MARC (Unicode/UTF-8) MARC (Unicode/UTF-8, Standard) MODS (XML) RIS
  • More searches
    Search for this title in:
    Other Libraries (WorldCat) Other Databases (Google Scholar) Online Stores (Bookfinder.com) Open Library (openlibrary.org)

Exporting to Dublin Core...

SOUTHVILLE LIBRARY

Southville International School and Colleges Library

1281 Tropical Ave. Cor. Luxembourg St., BF Homes International, Las Pinas City

Tel. No. 8256374 / 252358 Loc. 117/146

Powered by Koha